Charles on TV Quiz Stats

 Plays Quiz not verified by Sporcle

Score 0/20 Timer 04:00
0 Plays Today
% Correct
C.M. Burns
98.6%
Charlie Harper
93.8%
Charlie Brown
92.2%
Chuckie Finster
92%
Charles Ingalls
88.7%
Charles Winchester III
86.4%
Charlie Pace
83.2%
Charles
81%
Chuck Charles
76.4%
Charlie Kelly
74%
% Correct
Chuck Bartowski
73.1%
Charles Tucker III
72.6%
Charlie Eppes
71.8%
Charles 'Corky' Thatcher
70.5%
Chuck McGill, Jr.
67.6%
Charlie Salinger
66.4%
Chuck Bass
64.5%
Charlie Moore
60.2%
Charles Boyle
56.9%
Charlie Francis
45.1%

You're not logged in!

Compare scores with friends on all Sporcle quizzes.
OR
Log In

Show Comments

Extras

Top Quizzes Today


Score Distribution

Your Account Isn't Verified!

In order to create a playlist on Sporcle, you need to verify the email address you used during registration. Go to your Sporcle Settings to finish the process.

Report this User

Report this user for behavior that violates our Community Guidelines.

Details: